| 000 | 00831cam a2200277 i 4500 | ||
|---|---|---|---|
| 001 | 200442187 | ||
| 999 |
_c200442187 _d60399 |
||
| 003 | TR-AnTOB | ||
| 005 | 20240820132430.0 | ||
| 007 | ta | ||
| 008 | 020621s1993 tu 000 0 tur | ||
| 040 |
_aTR-AnTOB _beng _erda _cTR-AnTOB |
||
| 041 | 0 | _atur | |
| 060 |
_aW 84 _bS24 1993 |
||
| 100 |
_aSargutan, A. Erdal _eauthor _9115370 |
||
| 245 | 1 | 0 |
_aTürk sağlık hizmetleri yapı ve ürünlerinin iyileştirilmesi / _cY. Doç. Dr. A. Erdal Sargutan. |
| 264 | 1 |
_aAnkara : _bSağlık-İş Yayınları, _c1993. |
|
| 300 |
_a212 pages ; _c24 cm |
||
| 336 |
_2rdacontent _atext _btxt |
||
| 337 |
_2rdamedia _aunmediated _bn |
||
| 338 |
_2rdacarrier _avolume _bnc |
||
| 650 | 2 |
_aHealth Services _923080 |
|
| 651 | 0 |
_aTurkey _9119714 |
|
| 942 |
_2lcc _cBK |
||